A new version of the Psalms of David : Fitted to the tunes used in churches. By N. Brady, D.D. Chaplain in Ordinary, and N. Tate, Esq. Poet-Laureat, to His Britannick Majesty.

Bibliographic Details
Uniform Title:Bible.
Main Authors: Watts, Isaac, 1674-1748 (Author), Tate, Nahum, 1652-1715 (Author), Brady, Nicholas, 1659-1726 (Author)
Corporate Author: Gale (Firm)
Other Authors: Hall, Samuel, 1740-1807 (Printer)
Format: eBook
Language:English
Subjects:
Online Access:Connect to the full text of this electronic book

MARC

Tag First Indicator Second Indicator Subfields
LEADER 00000cam a2200000 4500
001 in00003882003
005 20190415193223.0
006 m o d
007 cr |n||||||||n
008 820305s1791 xxu|||| o 00| | eng c
035 |a (CU-RivES)W5076 
035 |a (Uk-ES)006446676 
035 |a (OCoLC)510907492 
040 |a MWA  |c MWA  |d CU-RivES  |d CStRLIN  |d Cengage Gale  |d UtOrBLW 
050 4 |a Z1215  |b .B535 1791 
130 0 |a Bible.  |p Psalms.  |l English.  |p Tate and Brady. 
245 1 2 |a A new version of the Psalms of David :  |b Fitted to the tunes used in churches. By N. Brady, D.D. Chaplain in Ordinary, and N. Tate, Esq. Poet-Laureat, to His Britannick Majesty. 
264 3 |a Boston :  |b Printed and sold by Samuel Hall, numbers 53, Cornhill,  |c MDCCXCI. [1791] 
300 |a 1 online resource (358 pages)  
336 |a text  |b txt  |2 rdacontent 
337 |a computer  |b c  |2 rdamedia 
338 |a online resource  |b cr  |2 rdacarrier 
500 |a Error in paging: pages 214 misnumbered 114. 
500 |a "Hymns. Collected chiefly from the works of Doctor Watts."--pages 277-358. 
509 |a Signatures: [A]⁶ B-U⁶ W⁶ X-2E⁶ 2F⁶(-2F6) 
510 4 |a Evans,  |c 23187 
510 4 |a English Short Title Catalog,  |c W5076. 
500 |a Reproduction of original from Library of Congress. 
500 |a Electronic resource. 
655 7 |a Electronic books.  |2 local 
655 7 |a Psalters  |y 1791.  |2 rbgenr 
700 1 |a Watts, Isaac,  |d 1674-1748,  |e author.  |0 http://id.loc.gov/authorities/names/n50043707 
700 1 |a Tate, Nahum,  |d 1652-1715,  |e author.  |0 http://id.loc.gov/authorities/names/n50008196 
700 1 |a Brady, Nicholas,  |d 1659-1726,  |e author.  |0 http://id.loc.gov/authorities/names/n82071853 
700 1 |a Brady, Nicholas,  |d 1659-1726.  |0 http://id.loc.gov/authorities/names/n82071853 
700 1 |a Tate, Nahum,  |d 1652-1715.  |0 http://id.loc.gov/authorities/names/n50008196 
700 1 |a Watts, Isaac,  |d 1674-1748.  |0 http://id.loc.gov/authorities/names/n50043707 
700 1 |a Hall, Samuel,  |d 1740-1807,  |e printer.  |0 http://id.loc.gov/authorities/names/n88144136 
710 2 |a Gale (Firm)  |0 http://id.loc.gov/authorities/names/no2008071348 
730 0 |a New version of the Psalms of David. 
752 |a United States  |b Massachusetts  |d Boston. 
856 4 0 |u http://proxy.library.tamu.edu/login?url=http://find.galegroup.com/ecco/infomark.do?contentSet=ECCOArticles&docType=ECCOArticles&bookId=1320601200&type=getFullCitation&tabID=T001&prodId=ECCO&docLevel=TEXT_GRAPHICS&version=1.0&source=library&userGroupName=txshracd2898  |z Connect to the full text of this electronic book  |t 0 
999 f f |s 476351b2-36d9-39ef-80be-bb87e32b862f  |i 3cf27d69-c638-3cfb-a008-f3795130e733  |t 0 
952 f f |a Texas A&M University  |b College Station  |c Electronic Resources  |d Available Online  |t 0  |e Z1215 .B535 1791  |h Library of Congress classification 
998 f f |a Z1215 .B535 1791  |t 0  |l Available Online